Inmunología esencial / (Record no. 5519)

MARC details
000 -LEADER
campo de control de longitud fija 00801nam a2200253 i 4500
001 - NÚMERO DE CONTROL
campo de control 5519
003 - IDENTIFICADOR DE NÚMERO DE CONTROL
campo de control ES-MaACL
005 - FECHA Y HORA DE LA ÚLTIMA TRANSACCIÓN
campo de control 20230906144615.0
007 - CAMPO FIJO DE DESCRIPCIÓN FÍSICA--INFORMACIÓN GENERAL
campo de control de longitud fija t|
008 - DATOS DE LONGITUD FIJA--INFORMACIÓN GENERAL
campo de control de longitud fija 881026s1982 sp ||||1| spa d
020 ## - NÚMERO INTERNACIONAL ESTÁNDAR DEL LIBRO
Número Internacional Estándar del Libro 84-7092-250-5
080 ## - NÚMERO DE LA CLASIFICACIÓN DECIMAL UNIVERSAL
Número de la Clasificación Decimal Universal 612.017
080 ## - NÚMERO DE LA CLASIFICACIÓN DECIMAL UNIVERSAL
Número de la Clasificación Decimal Universal 576.809.731
100 1# - ENTRADA PRINCIPAL--NOMBRE DE PERSONA
Nombre de persona Roitt, Ivan M.
9 (RLIN) 99032
245 10 - MENCIÓN DEL TÍTULO
Título Inmunología esencial /
Mención de responsabilidad, etc. Ivan M. Roitt ; versión española por Antonio Arnaiz Villena, con la colaboración de José Ramón Regueiro.
250 ## - MENCION DE EDICION
Mención de edición 4a ed.
260 ## - PUBLICACIÓN, DISTRIBUCIÓN, ETC.
Lugar de publicación, distribución, etc. Barcelona :
Nombre del editor, distribuidor, etc. Jims,
Fecha de publicación, distribución, etc. 1982.
300 ## - DESCRIPCIÓN FÍSICA
Extensión XVI, 326 p. :
Otras características físicas il. ;
Dimensiones 24 cm.
500 ## - NOTA GENERAL
Nota general Bibliografia. Indice.
650 #4 - PUNTO DE ACCESO ADICIONAL DE MATERIA--TÉRMINO DE MATERIA
Término de materia o nombre geográfico como elemento de entrada Inmunología.
9 (RLIN) 13787
700 1# - ENTRADA AGREGADA--NOMBRE PERSONAL
Nombre de persona Arnaiz Villena, Antonio.
9 (RLIN) 23025
700 1# - ENTRADA AGREGADA--NOMBRE PERSONAL
Nombre de persona Regueiro, José Ramón.
9 (RLIN) 95927
852 ## - LOCALIZACIÓN
Ubicación ES-MaACL
Número de control de estantería L-12184
Sublocalización o colección R.115357
Nota libre . - Rust.
Holdings
Estatus retirado Estado de pérdida Estado de daño No para préstamo Biblioteca de origen Biblioteca actual Ubicación en estantería Fecha de adquisición Fuente de adquisición Total de préstamos Signatura topográfica completa Código de barras Visto por última vez Precio de reemplazo Tipo de ítem Koha
        Biblioteca del Ateneo de Madrid Biblioteca del Ateneo de Madrid Depósito 2 17/01/2008     L-12184 1005589 23/02/2023 23/02/2023 Libro impreso